[Event "Gaprindashvili Cup Women III Stage 2020"]
[Site "Online"]
[Date "2020.11.12"]
[Round "4.4"]
[White "Khotenashvili, Bela"]
[Black "Javakhishvili, Lela"]
[Result "1/2-1/2"]
[WhiteElo "2463"]
[BlackElo "2473"]
[Annotator "TA"]
[PlyCount "111"]
[EventDate "2020.11.04"]
[EventType "k.o."]
[SourceTitle "playchess.com"]
[Source "ChessBase"]
[SourceQuality "1"]

{[%evp 21,111,10,25,18,56,54,38,38,41,44,45,35,99,104,233,217,207,205,285,259,228,106,245,154,266,186,152,58,75,18,18,22,30,12,58,16,24,22,29,16,27,17,187,0,0,-24,-33,-30,-32,-31,-10,-12,-10,-10,0,-16,0,0,0,0,0,-59,-8,-9,0,0,0,0,0,0,0,0,0,0,0,0,0,0,0,0,0,0,0,0,0,0,0,0,0,0,0,0]} 1. d4 Nf6 2. Nf3 c5 3. c3 b6 4. Bf4 Bb7 5. e3 d6 6. h3 Nbd7 7. Nbd2 g6 8. Be2 Bg7 9. O-O O-O 10. a4 a6 11. Bh2 Rc8 12. Re1 {A48: 1 d4 Nf6 2 Nf3 g6: Torre, London and Colle Systems.} Rc7 13. Bd3 Qa8 14. e4 {White is slightly better.} cxd4 15. cxd4 Rcc8 16. Qe2 {[#]} Rfe8 $146 {[#]} ({Black should try} 16... Bh6 $14) ({Predecessor:} 16... Ne8 17. Rac1 Nc7 18. Qe3 Ne6 19. Rcd1 Rfd8 20. Nb1 d5 21. e5 Nb8 22. Nc3 Nc6 {1-0 (51) Faizulaev,A (2405)-Khusnutdinov,R (2496) Abu Dhabi 2016}) 17. e5 $1 $16 {[%cal Re5f6]} dxe5 (17... Nd5 $16 {was called for.}) 18. dxe5 $18 Nd5 19. e6 Nc5 20. exf7+ Kxf7 21. Bc4 (21. Ne4 $18 Bf6 22. Nfg5+ (22. Nxc5 Rxc5 23. Ne5+ Kg7 $16) 22... Kg7 23. Nxc5 bxc5 24. Be5) 21... e6 (21... Bxb2 $16 22. Ng5+ Kg7) 22. Be5 Nd7 (22... Kg8 $16 {might work better.} 23. Ng5 h6) 23. Bxg7 Kxg7 24. Bxd5 (24. Ne4 $16) 24... Bxd5 25. Rac1 ({Better is} 25. Rad1 $16) 25... Rxc1 $11 26. Rxc1 Rc8 27. Re1 Nf6 28. Qe5 Qb8 29. Qd4 {Black must now prevent g4.} Qc7 30. Ng5 Qc5 31. Qe5 {Threatens to win with Nde4.} Rc6 $2 (31... Qc7 $11 {and Black has nothing to worry.}) 32. Nde4 $2 (32. Nxh7 $1 $18 Qe7 33. Ne4 Bxe4 34. Nxf6 Qxf6 35. Qxe4) 32... Bxe4 33. Qxf6+ {[%mdl 64] [#] Remove Defender} (33. Rxe4 {is more complex.} Qxe5 34. Rxe5 Nd7 35. Re3 e5 36. f3) 33... Kxf6 34. Nxe4+ Ke7 35. Nxc5 Rxc5 $15 {[%mdl 4096] Endgame KR-KR} 36. Re3 Kd6 37. g4 Rc2 38. b3 e5 39. Kg2 b5 40. axb5 axb5 41. Kf3 (41. Rd3+ $11 Ke6 42. Rd8) 41... b4 (41... Rd2 $1 $15) 42. Rd3+ $11 {The position is equal.} Kc5 43. Ke3 Rc3 44. Kd2 Rxd3+ 45. Kxd3 {KP-KP} Kd5 {aiming for ...e4+.} 46. f3 $1 g5 47. Ke3 Ke6 48. Ke4 h6 49. Ke3 Kd6 50. Ke2 Ke6 51. Ke3 Kd6 (51... Kd5 $5) 52. Ke2 Ke6 53. Ke3 Kd6 (53... Kd5 $5) 54. Ke2 Ke6 55. Ke3 Kd6 (55... Kd5 $5) 56. Ke2 {White really could win this.  Weighted Error Value: White=0.25/Black=0.27} 1/2-1/2

[Event "Gaprindashvili Cup Women III Stage 2020"]
[Site "Online"]
[Date "2020.11.12"]
[Round "4.4"]
[White "Melia, Salome"]
[Black "Tsatsalashvili, Keti"]
[Result "1-0"]
[WhiteElo "2371"]
[BlackElo "2331"]
[Annotator "TA"]
[PlyCount "127"]
[EventDate "2020.11.04"]
[EventType "k.o."]
[SourceTitle "playchess.com"]
[Source "ChessBase"]
[SourceQuality "1"]

{[%evp 14,127,25,24,27,12,45,21,17,-13,-9,-19,-20,-14,-15,-14,-12,-11,-19,-14,-12,-11,-14,-16,-11,-20,-18,-14,-12,-19,-18,-33,0,-10,-12,-11,-7,-12,-7,-8,0,0,0,0,0,0,0,-10,17,16,169,0,6,0,14,11,20,0,29,0,8,0,0,0,15,0,0,-8,-6,-6,-6,-6,0,0,0,-6,-6,-6,-6,-72,-12,-21,-21,-138,-139,-210,-210,-210,-12,-12,-12,-12,0,-623,-616,-608,-608,-588,-580,-576,-576,-449,-79,-79,-79,-79,-79,-79,-79,-82,0,0,0,0,0,0]} 1. e4 c6 2. d4 d5 3. Nc3 dxe4 4. Nxe4 Bf5 5. Ng3 Bg6 6. Bd3 Bxd3 7. Qxd3 Nf6 8. Nf3 e6 {B18: Classical Caro-Kann: 4...Bf5 sidelines.} 9. O-O c5 10. Qb5+ Qd7 {[#]} 11. Qxd7+ $146 ({Predecessor:} 11. Qc4 b6 12. Bf4 Bd6 13. Bxd6 Qxd6 14. Rad1 O-O 15. dxc5 Qxc5 16. Qf4 Nc6 17. Rd2 {½-½ (31) Schmid,K (1056)-Silber,S (847) Oberhof 2010}) 11... Nbxd7 12. Re1 cxd4 13. Nxd4 Bc5 14. Nb3 Bb6 15. Be3 O-O 16. Bxb6 Nxb6 17. Na5 Rac8 18. c3 Na4 {next ...b6 is good for Black.} 19. Re2 b6 20. Nb3 Rfd8 21. Nf1 Nd5 22. g3 f6 23. Rd2 Ne7 {White should prevent ...Rxd2.} 24. Rad1 Nc6 25. Ne3 Rxd2 26. Rxd2 Ne5 {aiming for ...Nf3+.} 27. Kg2 Kf8 28. f4 Nc6 29. Nd1 Ke7 30. Nd4 Nd8 31. Re2 Kd6 $2 (31... Kd7 $11) 32. Rd2 $2 (32. Nb5+ $18 Ke7 33. Nxa7) 32... Ke7 $1 $11 33. Re2 g6 34. g4 Nc5 35. Nf2 a5 36. Kf3 Kf7 37. Ne4 Nxe4 38. Rxe4 {[%mdl 4096] Endgame KRN-KRN} f5 39. Re5 {[%cal Rg4f5]} Nc6 40. Rb5 Nxd4+ 41. cxd4 fxg4+ 42. Kxg4 {KR-KR} Rc4 43. Rxb6 Rxd4 44. Kf3 Kf6 45. Rb5 a4 46. b3 (46. a3 $11 {remains equal.}) 46... Rd2 (46... Rd3+ $1 $17 47. Ke4 Rd2 48. bxa4 Rxh2) 47. bxa4 Rxh2 48. Ra5 (48. Rb7 $11 {keeps the balance.}) 48... Rxa2 $17 49. Ra8 (49. Ra7 $17) 49... Ra3+ $19 50. Ke4 h6 $2 ({Black should play} 50... h5 $19 {Hoping for ...h4.} 51. Rf8+ Kg7 $1 {[%mdl 512]}) 51. a5 $11 Ra4+ 52. Kf3 $1 e5 53. fxe5+ $2 {[%mdl 8192]} (53. Ra6+ $11 Kf5 54. fxe5) 53... Kxe5 $19 54. a6 Kf5 55. a7 {Strongly threatening Rf8+.} Ra3+ 56. Kg2 {[#] And now Rf8+ would win.} Kg5 $1 57. Kh2 h5 $2 (57... Kh5 $19 58. Kg1 Kg5) 58. Kg2 $17 Ra2+ 59. Kg3 h4+ 60. Kh3 Ra3+ 61. Kg2 h3+ (61... Ra6 $17) 62. Kh2 $11 {The position is equal.} Kg4 {( -> ...Ra2+)} 63. Rg8 Ra2+ 64. Kg1 {[%mdl 32768] Weighted Error Value: White=0.28/Black=0.30. Sensor Board Error (Ke4/e5)?} 1-0

[Event "Gaprindashvili Cup Women III Stage 2020"]
[Site "Online"]
[Date "2020.11.12"]
[Round "4.4"]
[White "Tsatsalashvili, Keti"]
[Black "Melia, Salome"]
[Result "0-1"]
[WhiteElo "2331"]
[BlackElo "2371"]
[Annotator "TA"]
[PlyCount "106"]
[EventDate "2020.11.04"]
[EventType "k.o."]
[SourceTitle "playchess.com"]
[Source "ChessBase"]
[SourceQuality "1"]

{[%evp 18,105,0,-29,0,-11,0,8,17,-17,-4,-7,-3,-18,-6,-25,-34,-36,-18,-32,-31,-48,-24,-70,-60,-52,-56,-53,-60,-122,-118,-115,-45,-206,-194,-587,-583,-581,-556,-564,-474,-645,-639,-579,-552,-541,-537,-564,-560,-545,-540,-700,-676,-739,-564,-564,-564,-564,-564,-564,-556,-548,-357,-548,-529,-472,-493,-493,-391,-369,-362,-544,-526,-510,-495,-4926,-4926,-4926,-2246,-979,-607,-29982,-29983,-29982,-29983,-29998,-29999,-29999,-29999,-29999]} 1. d4 Nf6 2. Nf3 e6 3. g3 d5 4. Bg2 Be7 5. O-O O-O 6. c4 dxc4 7. Ne5 Nc6 8. Nxc6 bxc6 9. Bxc6 Rb8 10. Bg2 c5 {E05: Open Catalan: 5 Nf3 Be7.} 11. dxc5 Qxd1 12. Rxd1 {White wants to play c6.} Bxc5 {The position is equal.} 13. e3 {[#]} (13. Nc3 {keeps more tension.} e5 14. Na4 Be7 15. Bg5 Bf5 16. Bc6) 13... Bb7 $146 ({Predecessor:} 13... e5 14. Bd2 Rxb2 15. Rc1 Bf5 16. Bc3 Rb5 17. a4 Rxb1 18. Raxb1 Bxb1 19. Rxb1 Bd6 {1-0 (82) Helfst,M (1957)-Strenzwilk,D (1889) Philadelphia 2014}) 14. Bxb7 Rxb7 15. Nc3 Be7 16. Kf1 Rfb8 17. f3 h5 18. Rd4 Rc8 19. Ke2 Nd7 (19... h4 $5) 20. Ne4 Nb6 21. Nd6 Bxd6 22. Rxd6 Na4 23. b3 (23. Rd2 $15) 23... cxb3 $17 24. axb3 Nc3+ (24... Nc5 $17 25. Bd2 Nxb3) 25. Kf2 $2 {White does not recover from this.} (25. Ke1 $1 $15) 25... Rxb3 $19 26. Rxa7 $2 (26. Ke1) 26... Nb5 {[%mdl 64] [#] Double Attack} 27. Rb7 Nxd6 28. Rxb3 Rxc1 {[%mdl 4096] Endgame KRN-KR} 29. Rd3 Rc2+ 30. Kg1 Nf5 31. e4 Ne7 32. Rd8+ Kh7 33. Rd7 Nc6 {Strongly threatening ...Ne5.} 34. Rxf7 Nd4 35. h3 Kg6 36. Rf8 {[#]} h4 $1 37. gxh4 e5 38. Kf1 Ne2 39. Re8 Ng3+ 40. Kg1 (40. Ke1 $142 Re2+ 41. Kd1) 40... Kf6 41. Rf8+ Ke7 42. Rg8 Kf7 43. Rb8 Ne2+ 44. Kf1 (44. Kf2 $142) 44... Nd4 45. Rb7+ Kg6 46. Rb6+ (46. h5+ $142 Kh6 47. Rf7) 46... Kh5 47. Rb7 Nxf3 (47... Kxh4 $142 48. Rxg7 Nxf3 49. Rg4+ Kh5) 48. Rxg7 Kxh4 49. Rh7+ Kg3 {[%csl Gg3][%cal Rc2f2] Black mates.} 50. Rg7+ Kf4 51. Rg4+ Ke3 {[%csl Ge3][%cal Rc2f2]} 52. Rg3 Rc1+ 53. Kg2 Rg1# {Weighted Error Value: White=0.55/Black=0.16} 0-1

[Event "Gaprindashvili Cup Women III Stage 2020"]
[Site "Online"]
[Date "2020.11.12"]
[Round "4.4"]
[White "Charkhalashvili, Inga"]
[Black "Mikadze, Miranda"]
[Result "0-1"]
[WhiteElo "2276"]
[BlackElo "2269"]
[Annotator "TA"]
[PlyCount "132"]
[EventDate "2020.11.04"]
[EventType "k.o."]
[SourceTitle "playchess.com"]
[Source "ChessBase"]
[SourceQuality "1"]

{[%evp 16,132,20,16,27,0,5,0,3,2,13,14,110,-24,0,-39,-29,-38,-24,-22,-36,-66,28,32,42,-10,0,-3,0,0,-2,-52,0,0,0,0,132,-210,-208,-193,-196,-189,304,114,259,81,96,-136,-51,-32,-16,-736,-736,-736,-736,-736,-736,-710,-662,-1159,-1103,-1109,-1036,-925,-925,-29980,-918,-828,-800,-29993,-29994,-29994,-1227,-857,-647,-582,-561,-540,-462,-583,-571,-554,-447,-528,0,-605,-589,-29990,-29991,-29993,-655,-29990,-29988,-29991,-1351,-29968,-29968,-29970,-737,-730,-688,-29985,-29984,-29984,-29977,-29977,-29978,-29978,-29979,-29979,-29979,-29980,-29980,-29980,-29981,-29980,-29979,-29979,-29973]} 1. d4 d5 2. c4 c6 3. Nc3 Nf6 4. Nf3 dxc4 5. a4 e6 6. e3 c5 7. Bxc4 Nc6 {7...cxd4 deserves study.} 8. O-O cxd4 9. exd4 Be7 {D16: Slav Defence: 5 a4: Lines with 5...Bg4 and 5...Na6.} 10. Bg5 O-O 11. Rc1 Nd5 {The position is equal.} 12. Bxe7 {[#]} Ndxe7 $146 ({Predecessor:} 12... Ncxe7 13. Ba2 Nf6 14. Qe2 Bd7 15. Ne5 Nc6 16. Rfd1 Re8 17. Ne4 Nxe4 18. Qxe4 Re7 19. Bb1 g6 20. Ng4 Kg7 21. Qf4 f5 22. Qh6+ Kh8 23. Ne5 Qf8 24. Nxg6+ {1-0 (24) Krueger,E (2098)-Lorenz,D (1816) Essen 2006}) 13. Re1 b6 (13... Nb4 $11) 14. Ba2 (14. d5 $16) 14... Bb7 15. Bb1 Nb4 16. Ne4 Ned5 17. Ne5 Rc8 18. Qh5 g6 ({Better is} 18... Rxc1 $15 19. Rxc1 h6) 19. Qh6 $11 {Hoping for Ng5.} Qe7 20. Rxc8 (20. Ng5 $1 $14 f5 21. h4 (21. Nxg6 hxg6 22. Qxg6+ {[%mdl 64] Double Attack} Kh8 $11)) 20... Rxc8 21. h4 $40 {[%mdl 128] White has some attack.} Nc2 22. Bxc2 Rxc2 23. b3 Nf6 ({Black should try} 23... f6 $15 24. Nc4 Qb4) 24. Ng5 Qb4 25. Rd1 Rc7 {[#]} (25... Rd2 $11 {remains equal.} 26. Rxd2 Qxd2 27. Ngxf7 Qxd4) 26. h5 $2 {[%mdl 8192]} (26. Ng4 $1 $16 {[%cal Rg4f6][%mdl 512] is necessary to keep the advantage.} Qe7 (26... Nxg4 27. Qxh7+) 27. Re1 (27. Nxf6+ Qxf6 28. Qxh7+ Kf8 $11)) 26... Qxb3 $19 27. Rf1 {[#]} Qd5 $1 {[%csl Gb7][%cal Rd5g2]} 28. Nef3 Nxh5 $4 {[%mdl 8192]} (28... Qf5 $1 $19 {avoids the disaster. aiming for ...Bxf3.} 29. hxg6 Qxg6 30. Qxg6+ hxg6) 29. Qxh7+ $18 Kf8 30. Qh8+ $2 (30. Re1 $1 $18 {[%cal Re1e6] and the rest is easy. Threatens to win with Rxe6!} Qf5 31. Nxe6+ $1 {[%mdl 512]} fxe6 32. Qxc7 Bxf3 33. Qb8+ (33. gxf3 Qg5+ 34. Kf1 Nf4 $11) (33. Qxa7 Qg4 $17) 33... Kg7 34. Qxa7+ (34. gxf3 Nf4 $18) 34... Kf6 35. Qb8 (35. gxf3 $2 Nf4 $19) (35. Qxb6 Qg4 $11)) 30... Ke7 $16 31. Qb8 $2 (31. Re1 $16 {and life is bright.}) 31... Rc8 ({Black should play} 31... Qd8 $17 32. Qxd8+ Kxd8) 32. Qxa7 $15 Nf4 33. Qxb6 $2 {[%mdl 8192] White is now going downhill.} (33. Rb1 $11 Ne2+ 34. Kf1 Nxd4 35. Nxd4 (35. Qxb6 $2 Qc4+ 36. Kg1 Ne2+ 37. Kf1 Nc3+ 38. Kg1 Bxf3 $19) 35... Qxg2+ 36. Ke2) 33... Ne2+ $19 34. Kh2 Rh8+ 35. Nh3 {[#]} Rxh3+ $1 {[%mdl 576] Deflection} 36. gxh3 Qxf3 {[%csl Gb7][%cal Rf3g2]} 37. Qc7+ Ke8 {[%csl Gb7][%cal Rf3g2]} 38. Qb8+ Kd7 {[%csl Gb7][%cal Rf3g2]} 39. d5 Bxd5 {[%csl Gd5][%cal Rf3g2]} 40. Qa7+ Ke8 (40... Bb7 $142 41. Rg1 Nxg1 42. Qxb7+ Qxb7 43. Kxg1 f5 44. Kf1 f4 45. Ke2 Qe4+ 46. Kd1 f3 47. Kd2 Qd4+ 48. Kc2 Qxf2+ 49. Kc3 Qe3+ 50. Kb4 f2 51. h4 f1=Q 52. a5 Qb1+ 53. Kc4 Qbb3#) 41. Qb8+ Ke7 {[%csl Gd5][%cal Rf3g2]} 42. Qc7+ Kf6 {[%csl Gd5][%cal Rf3g2]} 43. Qd8+ Kg7 (43... Kf5 $142 44. Qxd5+ exd5 45. Rg1 Nf4 46. Rg3 Qxf2+ 47. Kh1 Qxg3 48. a5 Qg2#) 44. Qg5 Nf4 45. Qg3 {[#]} Qe2 $1 {[%cal Re2f1]} 46. Rg1 Nh5 47. Qc3+ Kh7 48. Qe3 Qa2 49. Qd4 Ng7 $2 (49... Qa3 $19 {And now ...Qd6+ would win.} 50. Re1 Qd6+ 51. Qe5 Qb4) 50. Ra1 $2 {[%mdl 8192]} (50. Qh4+ $11 Nh5 51. Qd4) 50... Qc2 {Strongly threatening ...Nf5.} 51. a5 Nf5 52. Qf4 {[#]} Qc3 (52... g5 $142 $1 53. Rc1 (53. Qxg5 Qxf2+) 53... Qe2 $1 {[%mdl 512]} 54. Qxf5+ exf5 55. Kg1 g4 56. hxg4 fxg4 57. f3 gxf3 58. Rc2 Qxc2 59. Kf1 Qg2+ 60. Ke1 Qe2#) 53. Ra4 e5 54. Qg4 {[#]} Qe1 (54... Qc2 $142 $1 55. Qg1 Qxa4 56. Qg4 Qc2 $1 {[%mdl 512]} 57. Qg1 Qe2 $1 {[%mdl 512]} 58. h4 Qf3 59. Qf1 Nh6 60. Qg1 Ng4+ {[%mdl 64] Overworked Piece} 61. Qxg4 Qh1+ 62. Kg3 Qg2#) 55. Qg1 Qe2 56. a6 Qc2 (56... Nd4 $142 57. Ra3 Nf3+ 58. Rxf3 Qxf3 59. Qf1 Qf4+ 60. Kg1 Bf3 61. a7 Kg7 62. a8=B Bxa8 63. Qd1 Bf3 64. Qc2 Qg5+ 65. Kf1 Qg2+ {[%mdl 64] Double Attack} 66. Ke1 Qg1+ 67. Kd2 Qxf2+ 68. Kc3 Qd4+ 69. Kb3 {[#]} Bd1 $1 {[%mdl 512]} 70. Qxd1 Qxd1+ 71. Kb4 e4 72. Kc5 e3 73. h4 e2 74. h5 e1=Q 75. h6+ Kxh6 76. Kc6 Qe6+ 77. Kc5 Qdb3 78. Kd4 Qee3#) 57. Ra5 {[#]} Qd2 $1 {( -> ...Qf4+)} 58. Ra3 Qf4+ {Black mates.} 59. Rg3 Nxg3 60. Qxg3 Qxg3+ 61. Kxg3 {[%mdl 4096] Endgame KB-K3P. Cut Off at move 61} Kg7 62. Kg4 Kf6 63. a7 Ba8 64. h4 Ke6 65. Kg5 Ke7 66. Kg4 f6 {Weighted Error Value: White=1.39/Black=1.08} 0-1

[Event "Gaprindashvili Cup Women III Stage 2020"]
[Site "Online"]
[Date "2020.11.12"]
[Round "4.4"]
[White "Mikadze, Miranda"]
[Black "Charkhalashvili, Inga"]
[Result "1-0"]
[WhiteElo "2269"]
[BlackElo "2276"]
[Annotator "TA"]
[PlyCount "79"]
[EventDate "2020.11.04"]
[EventType "k.o."]
[SourceTitle "playchess.com"]
[Source "ChessBase"]
[SourceQuality "1"]

{[%evp 12,78,17,9,16,11,14,8,25,0,0,-6,0,0,0,0,0,-15,-7,-13,24,16,57,29,83,41,53,45,176,173,158,109,764,757,1421,1466,1348,1322,1268,1220,29986,745,1393,855,799,335,609,607,602,581,575,560,1256,1271,2050,1659,1392,660,29988,29989,29989,29990,29990,29991,29991,29992,29998,29999,29999]} 1. e4 c6 2. d4 d5 3. e5 Bf5 4. h4 h5 5. Bd3 Bxd3 6. Qxd3 e6 7. Nf3 c5 {B12: Caro-Kann: Advance Variation.} 8. c3 Nc6 9. O-O Nh6 {The position is equal.} 10. Bg5 Qb6 11. Nbd2 Nf5 {[%cal Rc5d4]} 12. dxc5 Bxc5 13. b4 Be7 {[#]} 14. a3 $146 ({Predecessor:} 14. Nb3 Bxg5 15. hxg5 g6 16. Nc5 Rd8 17. a4 O-O 18. Rfe1 d4 19. a5 Qc7 20. Ne4 {0-1 (41) Skvortsov,A (2128)-Manukian,A (2196) chess.com INT 2019}) 14... Bxg5 15. hxg5 g6 16. c4 dxc4 17. Nxc4 Qb5 (17... Rd8 $11 18. Nd6+ Kf8) 18. Rfd1 O-O 19. Nd6 $1 $36 {[%mdl 2048] White has good play.} Qb6 {[#]} ({Black should try} 19... Qxd3 $14 20. Rxd3 Rab8) 20. Nxf5 $1 $18 exf5 21. Qb3 {Strongly threatening Rd6.} Nd8 $2 {[%mdl 8192]} (21... Rad8 $16) 22. Rd6 Qc7 23. Rxg6+ Kh7 24. Rh6+ Kg7 25. Qd3 Qc8 26. Rxh5 (26. Nd4 $142 Rh8 27. Nxf5+ Kg8 28. Ne7+ {[%mdl 64] Double Attack} Kg7 29. Nxc8 Rxc8 30. Qf5 Rxh6 31. gxh6+ {[%mdl 64] Discovered Attack} Kxh6 32. Qxc8) 26... Nc6 27. Re1 {And now e6! would win.} Rd8 28. Qc3 (28. Qe3 $142) 28... Ne7 $2 (28... Nd4 29. Qa1 Nxf3+ 30. gxf3 Qc4 31. e6+ Qd4) 29. Qb2 {Intending e6+ and mate.} Qe6 30. Rh6 Ng6 31. Nd4 Qd7 32. Nb3 {e6+ would kill now.} Kg8 {[#]} 33. e6 $1 Qe7 (33... fxe6 34. Rxg6+) 34. Nc5 (34. exf7+ $142 Qxf7 {[#]} 35. Re7 $3 {[%mdl 512]} Rd1+ 36. Kh2) 34... b6 35. exf7+ {White mates.} Qxf7 36. Re6 Rd1+ 37. Kh2 Qc7+ 38. g3 Nf8 39. Rh8+ Kf7 40. Qf6# {Weighted Error Value: White=0.31/Black=0.89} 1-0